[Event "III Open Alfa Lum"]
[Site "Cagliari ITA"]
[Date "2012.09.02"]
[Round "5"]
[White "Giordano, Giulia"]
[Black "Marchionni, Daniele"]
[Result "1-0"]
[WhiteElo "1583"]
[BlackElo "1380"]
[PlyCount "101"]
[EventDate "2012.08.31"]

1. d4 Nf6 2. Nf3 e6 3. e3 c5 4. c3 Be7 5. Bd3 g6 6. O-O cxd4 7. exd4 Qc7 8. Re1
O-O 9. Bh6 Re8 10. h3 b6 11. Nbd2 Bb7 12. Rc1 Qd8 13. Qe2 Nc6 14. Bf4 Bf8 15.
Nc4 d6 16. Qc2 Nd5 17. Bh2 Rc8 18. Qb1 a6 19. Ncd2 e5 20. dxe5 dxe5 21. Nxe5
Nxe5 22. Bxe5 Bh6 23. Rcd1 Nf4 24. Bxf4 Bxf4 25. Rxe8+ Qxe8 26. Ne4 Bxe4 27.
Bxe4 Qa4 28. Rd4 Qa5 29. Bb7 Rc5 30. Rxf4 Qb5 31. Rb4 Qa5 32. Rb3 Rc7 33. Ra3
Qe5 34. Bxa6 Kg7 35. Bf1 f5 36. Qd1 h6 37. Qd4 Qxd4 38. cxd4 Kf6 39. Ra6 Rb7
40. Bc4 g5 41. a4 Ke7 42. Bd5 Rb8 43. Bc6 Kd6 44. Bf3 f4 45. a5 Kc7 46. axb6+
Rxb6 47. Rxb6 Kxb6 48. Kf1 Kb5 49. Ke1 Kc4 50. d5 Kc5 51. b4+ 1-0

[Event "III Open Alfa Lum"]
[Site "Cagliari ITA"]
[Date "2012.09.02"]
[Round "5"]
[White "Onnis, Luca"]
[Black "Garau, Francesca"]
[Result "1-0"]
[WhiteElo "1461"]
[BlackElo "1542"]
[PlyCount "95"]
[EventDate "2012.08.31"]

1. e4 d5 2. exd5 Qxd5 3. Nc3 Qa5 4. d4 Bf5 5. Bc4 e6 6. Nf3 Bb4 7. Bd2 Nf6 8.
a3 Bd6 9. Nd5 Qa4 10. b3 Qc6 11. Qe2 Nxd5 12. Bb5 O-O 13. Bxc6 Nxc6 14. c4 Nf6
15. O-O Rfe8 16. h3 Rad8 17. Rad1 e5 18. d5 Nd4 19. Qe3 Bc5 20. Nxd4 Bxd4 21.
Qf3 Bc2 22. Rc1 e4 23. Qg3 Bd3 24. Rfe1 Bb2 25. Bg5 Rd6 26. Rcd1 Bd4 27. Kh1
Be5 28. Qe3 h6 29. Bf4 Bc2 30. Rc1 Bd3 31. Bxe5 Rxe5 32. Red1 Rh5 33. Qxa7 Rd8
34. Qxb7 Rf8 35. Qxc7 Ng4 36. Kg1 Ne5 37. d6 Ng6 38. d7 Rf5 39. d8=Q Re5 40.
Rxd3 exd3 41. Qxd3 Ree8 42. Qd2 Rc8 43. Qca5 Ra8 44. Qc5 Rad8 45. Qb2 Rfe8 46.
g3 Rc8 47. Qcd4 Rcd8 48. Qxg7# 1-0

[Event "III Open Alfa Lum"]
[Site "Cagliari ITA"]
[Date "2012.09.02"]
[Round "5"]
[White "Cuccu, Giovanni"]
[Black "Pistis, Laura"]
[Result "1-0"]
[WhiteElo "1461"]
[BlackElo "1335"]
[PlyCount "119"]
[EventDate "2012.08.31"]

1. e4 e5 2. Nf3 d5 3. exd5 Bd6 4. Nc3 Nf6 5. Bc4 O-O 6. O-O c6 7. Re1 Re8 8. d4
cxd5 9. Bxd5 Nxd5 10. dxe5 Bb4 11. Qxd5 Qxd5 12. Nxd5 Bxe1 13. Nc7 Ba5 14. Nxe8
Bd7 15. Nd6 Nc6 16. Nxb7 Bc7 17. Nc5 Rd8 18. Bf4 Bf5 19. c3 Re8 20. Re1 Bg4 21.
Nd3 Bxf3 22. gxf3 Rd8 23. Nb4 Nxb4 24. cxb4 h6 25. h4 a5 26. Rc1 Rd7 27. e6
fxe6 28. Bxc7 axb4 29. Ba5 Ra7 30. Bxb4 Rxa2 31. Ba3 Kf7 32. Kg2 Kg6 33. Kg3
Kh5 34. Re1 g5 35. hxg5 hxg5 36. Rxe6 Ra1 37. f4 Rg1+ 38. Kf3 g4+ 39. Ke2 Rg2
40. Re3 Kh4 41. Rg3 Rh2 42. f5 Kg5 43. f6 Kxf6 44. Rxg4 Kf5 45. Bd6 Rh6 46.
Rf4+ Ke6 47. Ra4 Kd7 48. Bf4 Rf6 49. Ra7+ Ke8 50. Ra8+ Kd7 51. Kf3 Rb6 52. Be5
Rb5 53. Ke4 Rb4+ 54. Kf5 Kc6 55. Ke6 Rh4 56. f4 Rh6+ 57. Kf5 Rh5+ 58. Kg4 Rh7
59. Rb8 Rg7+ 60. Bxg7 1-0

[Event "III Open Alfa Lum"]
[Site "Cagliari ITA"]
[Date "2012.09.02"]
[Round "6"]
[White "Caglio, Luigi"]
[Black "Corona, Rafaele"]
[Result "1-0"]
[WhiteElo "2073"]
[BlackElo "1634"]
[PlyCount "85"]
[EventDate "2012.08.31"]

1. e4 d5 2. d4 e6 3. Nd2 c5 4. exd5 exd5 5. dxc5 Bxc5 6. Nb3 Bb6 7. Bd3 Nf6 8.
Ne2 O-O 9. h3 Ne4 10. Nbd4 Nxf2 11. Kxf2 Qf6+ 12. Ke1 Kh8 13. c3 Nc6 14. Bc2
Re8 15. Qd3 g6 16. Rf1 Qe7 17. Kd1 Bxd4 18. Nxd4 Nxd4 19. Qxd4+ Kg8 20. Bd3 Bf5
21. Bf4 Rac8 22. Kd2 Bxd3 23. Qxd3 d4 24. Rae1 dxc3+ 25. bxc3 Qa3 26. Rxe8+
Rxe8 27. Qc2 Rd8+ 28. Ke2 Qc5 29. Be3 Re8 30. Rf3 Qc4+ 31. Kf2 Qh4+ 32. Kf1 g5
33. Qf5 Qc4+ 34. Kg1 h6 35. Qf6 Qe6 36. Bd4 Qxf6 37. Rxf6 Re2 38. Rxh6 Kf8 39.
a3 Ra2 40. Rh8+ Ke7 41. Rb8 Rb2 42. Bxa7 Kd7 43. Rf8 1-0

[Event "III Open Alfa Lum"]
[Site "Cagliari ITA"]
[Date "2012.09.02"]
[Round "6"]
[White "Palmas, Alessandro"]
[Black "Sanna, Yuri"]
[Result "0-1"]
[WhiteElo "1825"]
[BlackElo "1811"]
[PlyCount "80"]
[EventDate "2012.08.31"]

1. d4 Nf6 2. Nf3 g6 3. g3 Bg7 4. Bg2 d6 5. c4 O-O 6. Nc3 Nbd7 7. O-O e5 8. Bg5
h6 9. Bxf6 Qxf6 10. dxe5 dxe5 11. e4 c6 12. b4 Qe6 13. Qe2 f5 14. Nd2 f4 15. a4
g5 16. g4 Nf6 17. f3 h5 18. h3 hxg4 19. hxg4 Rf7 20. Rab1 Bf8 21. a5 Nd7 22.
Rf2 b6 23. axb6 axb6 24. Bf1 Ra3 25. Qd3 Rh7 26. Rg2 Nc5 27. Qc2 Na6 28. c5
Nxb4 29. Bc4 Nxc2 30. Bxe6+ Bxe6 31. cxb6 Bc5+ 32. Kf1 Ne3+ 33. Ke2 Bxb6 34.
Rxb6 Rxc3 35. Rb8+ Kg7 36. Rb7+ Kg6 37. Rxh7 Kxh7 38. Rh2+ Kg6 39. Rh1 Rc2 40.
Kd3 c5 0-1

[Event "III Open Alfa Lum"]
[Site "Cagliari ITA"]
[Date "2012.09.02"]
[Round "6"]
[White "Mallo', Danilo"]
[Black "Altea, Alessandro"]
[Result "1-0"]
[WhiteElo "1926"]
[BlackElo "1854"]
[PlyCount "39"]
[EventDate "2012.08.31"]

1. d4 Nf6 2. c4 g6 3. Nf3 Bg7 4. Nc3 O-O 5. g3 d6 6. Bg2 c5 7. O-O a6 8. Qc2
cxd4 9. Nxd4 Qc7 10. Qd3 Nbd7 11. Nd5 Nxd5 12. cxd5 Ne5 13. Qd1 Nc4 14. b3 Qc5
15. e3 Ne5 16. Bb2 Bg4 17. Qd2 Qb6 18. f4 Nd7 19. h3 Bf5 20. g4 1-0

[Event "III Open Alfa Lum"]
[Site "Cagliari ITA"]
[Date "2012.09.02"]
[Round "6"]
[White "Sonis, Francesco"]
[Black "Pes, Eleonora"]
[Result "1/2-1/2"]
[WhiteElo "1491"]
[BlackElo "1617"]
[PlyCount "27"]
[EventDate "2012.08.31"]

1. e4 e5 2. Nf3 d5 3. exd5 Bd6 4. Bb5+ Nd7 5. d3 Ngf6 6. O-O Nxd5 7. Nc3 Nxc3
8. bxc3 O-O 9. Bb2 Nf6 10. h3 Be6 11. Ng5 Bf5 12. Qf3 Bg6 13. Ne4 Nxe4 14. dxe4
1/2-1/2

[Event "III Open Alfa Lum"]
[Site "Cagliari ITA"]
[Date "2012.09.02"]
[Round "6"]
[White "Mannino, Giacomo"]
[Black "Boi, Fausto"]
[Result "0-1"]
[WhiteElo "1660"]
[BlackElo "1784"]
[PlyCount "66"]
[EventDate "2012.08.31"]

1. d4 d6 2. Nf3 g6 3. e3 Bg7 4. Bd3 Bg4 5. h3 Be6 6. Nbd2 h6 7. c3 Nf6 8. Qc2
Nbd7 9. Ne4 Nd5 10. Ng3 Rg8 11. e4 N5b6 12. d5 Nxd5 13. exd5 Bxd5 14. Be4 c6
15. Bxd5 cxd5 16. Qb3 Qa5 17. Qxb7 Bxc3+ 18. Bd2 Bxd2+ 19. Nxd2 Rb8 20. Qc6
Rxb2 21. Qc8+ Qd8 22. Qxd8+ Kxd8 23. Nb3 Nc5 24. O-O Kd7 25. Rfd1 e6 26. Rd4
Nxb3 27. axb3 Ra8 28. Rb4 e5 29. Rb7+ Ke6 30. Kf1 a5 31. Ra4 d4 32. Rb6 d3 33.
Ne4 Rb1# 0-1

[Event "III Open Alfa Lum"]
[Site "Cagliari ITA"]
[Date "2012.09.02"]
[Round "6"]
[White "Onnis, Luca"]
[Black "Corona, Danilo"]
[Result "1/2-1/2"]
[WhiteElo "1461"]
[BlackElo "1711"]
[PlyCount "57"]
[EventDate "2012.08.31"]

1. d4 d5 2. e3 Nf6 3. Bd3 Nc6 4. Nf3 a6 5. h3 Nb4 6. c3 Nxd3+ 7. Qxd3 g6 8. O-O
Bg7 9. Nbd2 Bf5 10. Qe2 O-O 11. Re1 Re8 12. c4 c6 13. c5 Qc7 14. Nb3 Ne4 15.
Nfd2 e5 16. Nxe4 Bxe4 17. Qd1 exd4 18. exd4 Qd7 19. Be3 Re7 20. Qd2 Rae8 21.
Bf4 Bf5 22. Rxe7 Rxe7 23. Bd6 Re4 24. Re1 Bf8 25. Bxf8 Kxf8 26. Rxe4 Bxe4 27.
Qf4 Kg7 28. Qe5+ f6 29. Qb8 1/2-1/2

[Event "III Open Alfa Lum"]
[Site "Cagliari ITA"]
[Date "2012.09.02"]
[Round "6"]
[White "Giordano, Giulia"]
[Black "Picciau, Marta"]
[Result "1-0"]
[WhiteElo "1583"]
[BlackElo "1620"]
[PlyCount "77"]
[EventDate "2012.08.31"]

1. d4 d5 2. Nf3 Nc6 3. e3 Bf5 4. c4 e6 5. a3 Nf6 6. Nc3 Be7 7. Be2 a6 8. O-O
O-O 9. b4 Nb8 10. Bb2 c6 11. Ne5 Nbd7 12. g4 Bg6 13. h3 Bd6 14. Nxg6 hxg6 15.
f4 Kh7 16. g5 Ne4 17. Nxe4 dxe4 18. Qc2 f5 19. Qc3 Qe7 20. Kf2 Rh8 21. Rh1 Kg8
22. h4 Qf7 23. Raf1 Kf8 24. Ke1 Rh7 25. Rh3 Ke7 26. Rfh1 Rah8 27. Qc1 Kd8 28.
Qd1 Bf8 29. c5 Kc7 30. Qa4 Kc8 31. Qb3 Kc7 32. Bc4 Qe8 33. Bxe6 Qd8 34. Bf7 Qe7
35. Bxg6 Rh5 36. Bxh5 Rxh5 37. d5 cxd5 38. Qxd5 Qe8 39. Qxf5 1-0

[Event "III Open Alfa Lum"]
[Site "Cagliari ITA"]
[Date "2012.09.02"]
[Round "6"]
[White "Cotza, Massimiliano"]
[Black "Carucci, Bruno"]
[Result "1/2-1/2"]
[WhiteElo "1500"]
[BlackElo "1509"]
[PlyCount "72"]
[EventDate "2012.08.31"]

1. e4 Nf6 2. Nc3 d5 3. exd5 Nxd5 4. Nxd5 Qxd5 5. Nf3 Bg4 6. Be2 e5 7. O-O Nc6
8. Re1 O-O-O 9. h3 Bh5 10. Nh2 Bxe2 11. Rxe2 Nd4 12. Re1 f6 13. c3 Nc6 14. Qc2
Bd6 15. Qe4 Qf7 16. b4 f5 17. Qc2 e4 18. b5 Ne5 19. a4 Nf3+ 20. gxf3 Bxh2+ 21.
Kxh2 Rd3 22. Re3 Rxe3 23. dxe3 Qg6 24. f4 Qh5 25. Ra2 g5 26. Qe2 g4 27. Qf1 Rg8
28. Qg2 Qf7 29. Rd2 Rg6 30. Qg3 gxh3 31. Qh4 Qg8 32. f3 Rg2+ 33. Kxh3 Rg1 34.
Bb2 Rh1+ 35. Rh2 Rg1 36. Qf2 Rg6 1/2-1/2

[Event "III Open Alfa Lum"]
[Site "Cagliari ITA"]
[Date "2012.09.02"]
[Round "6"]
[White "Pistis, Sofia"]
[Black "Cuccu, Giovanni"]
[Result "1-0"]
[WhiteElo "1474"]
[BlackElo "1461"]
[PlyCount "57"]
[EventDate "2012.08.31"]

1. e4 d5 2. exd5 Nf6 3. Bc4 Nxd5 4. Qh5 Be6 5. Nc3 c6 6. Bb3 Qd6 7. Nge2 Nd7 8.
Ne4 Qe5 9. Qxe5 Nxe5 10. d4 Ng6 11. N2g3 Ndf4 12. Bxe6 Nxe6 13. Be3 Rd8 14. Rd1
Rd5 15. c4 Ra5 16. d5 cxd5 17. cxd5 Nef4 18. O-O Nxd5 19. Bxa7 Rxa7 20. Rxd5
Rxa2 21. Rb5 Ra7 22. Rd1 e6 23. Nc5 Bxc5 24. Rxc5 Ke7 25. Rc7+ Kf6 26. Nh5+ Kg5
27. Rc5+ Kh4 28. Ng3 Ra2 29. Rh5+ 1-0

[Event "III Open Alfa Lum"]
[Site "Cagliari ITA"]
[Date "2012.09.02"]
[Round "6"]
[White "Garau, Francesca"]
[Black "Dessy, Eugenio"]
[Result "0-1"]
[WhiteElo "1542"]
[BlackElo "1658"]
[PlyCount "168"]
[EventDate "2012.08.31"]

1. d4 Nf6 2. Bf4 g6 3. e3 Bg7 4. Bd3 O-O 5. Nf3 Nh5 6. Bg5 d6 7. O-O Nf6 8.
Nbd2 Nbd7 9. Qe2 c5 10. c3 b6 11. Rfe1 Bb7 12. Rad1 cxd4 13. cxd4 Nd5 14. e4
Nb4 15. Bc4 Nc2 16. Rf1 Nxd4 17. Nxd4 Bxd4 18. Nf3 Bf6 19. Bh6 Bg7 20. Qe3 Nf6
21. Bd5 Bxd5 22. exd5 Ng4 23. Qf4 Nxh6 24. h3 f5 25. Ng5 Qd7 26. Ne6 Rf6 27.
Ng5 Nf7 28. Nf3 Ne5 29. Ng5 Bh6 30. Qh4 Bxg5 31. Qxg5 Nf7 32. Qf4 Rc8 33. Rfe1
g5 34. Qe3 Re8 35. Rd2 e6 36. Rde2 e5 37. Qc3 Rc8 38. Qe3 Qb5 39. Rd1 Qc4 40.
Ree1 Qf4 41. Qe2 g4 42. h4 Qh6 43. g3 f4 44. Qxg4+ Rg6 45. Qxc8+ Kg7 46. Kg2
Qxh4 47. Rh1 Qg5 48. Rh3 e4 49. Qc3+ Rf6 50. Rdh1 h6 51. Qc7 Qxd5 52. Qc3 e3+
53. f3 Ne5 54. Qc2 Nxf3 55. Rh5 Ne1+ 56. Kg1 Qxh1+ 57. Rxh1 Nxc2 58. gxf4 Rxf4
59. Kg2 e2 60. b4 e1=Q 61. Rxe1 Nxe1+ 62. Kg3 Rxb4 63. a4 Kg6 64. a5 Kg5 65.
axb6 axb6 66. Kf2 Kf4 67. Kxe1 Ke3 68. Kf1 Rb2 69. Kg1 Kf3 70. Kh1 Ra2 71. Kg1
Rf2 72. Kh1 Rb2 73. Kg1 Kg3 74. Kf1 Kf3 75. Ke1 Ke3 76. Kd1 Kd3 77. Ke1 Rd2 78.
Kf1 Re2 79. Kg1 Ke3 80. Kh1 Kf3 81. Kg1 Rf2 82. Kh1 Kg3 83. Kg1 b5 84. Kh1 Rf1#
0-1

[Event "III Open Alfa Lum"]
[Site "Cagliari ITA"]
[Date "2012.09.02"]
[Round "6"]
[White "Marchionni, Daniele"]
[Black "Porru, Giambattista"]
[Result "0-1"]
[WhiteElo "1380"]
[BlackElo "1637"]
[PlyCount "100"]
[EventDate "2012.08.31"]

1. b4 Nf6 2. Nf3 e6 3. a3 d5 4. Bb2 Be7 5. e3 c6 6. c4 O-O 7. Be2 b6 8. Bd3
dxc4 9. Bxc4 b5 10. Bb3 Qd6 11. g3 Bb7 12. Be5 Qd8 13. O-O Ng4 14. Bb2 Bf6 15.
Nc3 Nd7 16. d4 a6 17. Ne4 e5 18. Nxf6+ Qxf6 19. dxe5 Ndxe5 20. Bxe5 Nxe5 21.
Nxe5 Qxe5 22. Qf3 Rab8 23. Qe2 c5 24. f3 c4 25. Bc2 Rfe8 26. Kf2 Rbd8 27. Rad1
Rc8 28. a4 Bc6 29. f4 Qe6 30. a5 Qh3 31. Kg1 Re6 32. e4 g6 33. Qg2 Qxg2+ 34.
Kxg2 Bxe4+ 35. Bxe4 Rxe4 36. Kf3 Rce8 37. Rd6 Re3+ 38. Kg2 R8e6 39. Rxe6 Rxe6
40. Rc1 Re2+ 41. Kg1 Rb2 42. Rd1 Rxb4 43. Rd6 Ra4 44. Rxa6 c3 45. Ra8+ Kg7 46.
Rc8 Rc4 47. Rxc4 bxc4 48. a6 c2 49. a7 c1=Q+ 50. Kg2 Qa1 0-1

[Event "III Open Alfa Lum"]
[Site "Cagliari ITA"]
[Date "2012.09.02"]
[Round "6"]
[White "Pistis, Laura"]
[Black "Saba, Gloria"]
[Result "1-0"]
[WhiteElo "1335"]
[BlackElo "1527"]
[PlyCount "139"]
[EventDate "2012.08.31"]

1. e4 d5 2. exd5 Qxd5 3. Nc3 Qa5 4. d4 c6 5. Nf3 Bf5 6. Be2 Nf6 7. O-O e6 8. a3
Bd6 9. b4 Qc7 10. Na4 b6 11. Bd3 Bxd3 12. Qxd3 O-O 13. h3 Nbd7 14. Re1 Rfe8 15.
Nc3 e5 16. Bg5 c5 17. dxe5 Nxe5 18. Nxe5 Bxe5 19. Bxf6 Bxf6 20. Nd5 Qd6 21.
Nxf6+ Qxf6 22. Qb5 h6 23. Rxe8+ Rxe8 24. Qxe8+ Kh7 25. Re1 cxb4 26. axb4 Qb2
27. Qe4+ Kh8 28. Rd1 g6 29. Rd8+ Kg7 30. Qd4+ Qxd4 31. Rxd4 f5 32. Rd7+ Kf6 33.
Rxa7 b5 34. Rb7 h5 35. h4 f4 36. f3 Kf5 37. Rxb5+ Kf6 38. Rc5 Ke6 39. Ra5 Kd6
40. b5 Kc7 41. Kf2 Kb6 42. Ra2 Kxb5 43. Rb2+ Kc4 44. Ke2 Kc3 45. Rb6 Kxc2 46.
Rxg6 Kc3 47. g3 fxg3 48. Rxg3 Kd4 49. f4 Ke4 50. Rg5 Kxf4 51. Rxh5 Kg4 52. Rh8
Kf5 53. Kf3 Kg6 54. Rc8 Kh5 55. Kg3 Kh6 56. Rc5 Kh7 57. Kg4 Kh6 58. Rd5 Kg6 59.
Rd6+ Kh7 60. Kg5 Kg7 61. Rd7+ Kf8 62. Ra7 Ke8 63. Kf6 Kd8 64. Ke6 Kc8 65. Kd6
Kb8 66. Rh7 Ka8 67. Kc6 Kb8 68. Rg7 Ka8 69. Kb6 Kb8 70. Rg8# 1-0